Fletcher guess the lyrics - For Cari - Statistics

General Stats
  • This quiz has been taken 7 times
  • The average score is 268 of 293
Answer Stats
Answer % Correct
a
100%
ain't
100%
am
100%
and
100%
And
100%
bad
100%
be
100%
been
100%
bitch
100%
can
100%
Cari
100%
Cause
100%
I'll
100%
drinkin'
100%
drinking
100%
farewell
100%
for
100%
fuck
100%
glass
100%
gonna
100%
good
100%
hard
100%
I
100%
I'll
100%
I'm
100%
I've
100%
Jersey
100%
know
100%
love
100%
me
100%
mind
100%
more
100%
my
100%
myself
100%
New
100%
not
100%
nothin'
100%
on
100%
one's
100%
say
100%
shore
100%
so
100%
So
100%
speak
100%
the
100%
This
100%
this
100%
times
100%
to
100%
toast
100%
too
100%
what
100%
while
100%
Yeah
100%
you
100%
back
83%
chillin'
83%
don't
83%
else
83%
enough
83%
Everybody
83%
everybody
83%
goin'
83%
It's
83%
make
83%
parents'
83%
raise
83%
scare
83%
someone
83%
sometimes
83%
tryna
83%
vibes
83%
at
67%
couch
67%
feel
67%
got
67%
just
67%
kinda
67%
life
67%
like
67%
live
67%
Makin'
67%
miss
67%
need
67%
things
67%
before
50%
big
50%
but
50%
can't
50%
city's
50%
done
50%
feelings
50%
Had
50%
heart
50%
lonely
50%
losin'
50%
lot
50%
moment
50%
of
50%
over
50%
sleep
50%
sleeve
50%
small
50%
twisted
50%
wear
50%
drinks
33%
drownin'
33%
in
33%
pleased
33%
for Cari
0%
why
0%
No matching quizzes found
Score Distribution
Percent of People with Each Score
Percentile by Number Answered
Your Score History
You have not taken this quiz